| 000 | 00888nas a2200289 4500 | ||
|---|---|---|---|
| 001 | BR0806610 | ||
| 003 | BR-BrBNA | ||
| 005 | 20231205112147.0 | ||
| 007 | ta | ||
| 008 | 230509b bl.|||p| |||| 00| 00por d | ||
| 040 |
_aBR-BrBNA _bpor _cBiblioteca Nacional de Agricultura |
||
| 041 | _a(En) | ||
| 072 | _aH10; L40; L20 | ||
| 100 | 1 | _aSanchez, P.A. | |
| 100 | 1 | _aCerda, H.P. | |
| 100 | 1 | _aCaetano, F.H. | |
| 245 | 1 | _aUltramorphology of esperm and male reproductive system of Rhynchophorus palmarum L. and Dynamis borassi F. (Coleoptera: Curculionidae) | |
| 650 | _aPRAGA DE PLANTA | ||
| 650 | _aBROCA | ||
| 650 | _aCÔCO | ||
| 650 | _aMORFOLOGIA ANIMAL | ||
| 650 | _aANATOMIA ANIMAL | ||
| 650 | _aREPRODUÇÃO ANIMAL | ||
| 773 | 0 |
_tNaturalia (Brazil) _xISSN 0001-1944 _g(1994), v. 19 p. 9-6 _wBR0806610 |
|
| 909 |
_a202311 _bLúcia _c55 _dLúcia Elande |
||
| 942 |
_2AGRIS _n0 _cANA |
||
| 999 |
_c196429 _d196429 |
||